[Event "Omelnyk Grokhotov Memorial 10th"]
[Site "Omelnyk"]
[Date "2022.01.07"]
[Round "9"]
[White "Bets, Anatolij"]
[Black "Zazuliak, Andriy"]
[Result "1/2-1/2"]
[WhiteElo "2237"]
[BlackElo "2239"]
[PlyCount "70"]
[EventDate "2022.01.03"]
[EventType "tourn"]
[EventRounds "9"]
[EventCountry "UKR"]
[EventCategory "1"]
[SourceTitle "EXT 2023"]
[Source "ChessBase"]
[SourceDate "2022.10.05"]
[SourceVersion "1"]
[SourceVersionDate "2022.10.05"]
[SourceQuality "1"]

1. d4 Nf6 2. c4 e6 3. Nf3 d5 4. Nc3 dxc4 5. e3 a6 6. Bxc4 b5 7. Bb3 c5 8. 0-0 Bb7 9. Qe2 Nbd7 10. Rd1 Be7 11. d5 exd5 12. Nxd5 c4 13. Nxe7 Qxe7 14. Bc2 0-0 15. Nd4 Be4 16. f3 Bxc2 17. Qxc2 Nc5 18. b3 cxb3 19. axb3 Rac8 20. Qf2 Nd5 21. e4 Nc3 22. Rf1 Rfd8 23. Be3 Qe5 24. Kh1 Nd3 25. Qg3 Qxg3 26. hxg3 Rd6 27. g4 g6 28. Kh2 Rcd8 29. Nc2 Rc8 30. Nd4 Rcd8 31. Nc2 f6 32. Ra5 Rc8 33. Nd4 Rcd8 34. Nc2 Rc8 35. Nd4 Rcd8 1/2-1/2

[Event "Omelnyk Grokhotov Memorial 10th"]
[Site "Omelnyk"]
[Date "2022.01.06"]
[Round "7"]
[White "Kislinsky, Alexey"]
[Black "Bets, Anatolij"]
[Result "1-0"]
[WhiteElo "2352"]
[BlackElo "2237"]
[PlyCount "77"]
[EventDate "2022.01.03"]
[EventType "tourn"]
[EventRounds "9"]
[EventCountry "UKR"]
[EventCategory "1"]
[SourceTitle "EXT 2023"]
[Source "ChessBase"]
[SourceDate "2022.10.05"]
[SourceVersion "1"]
[SourceVersionDate "2022.10.05"]
[SourceQuality "1"]

1. e4 c6 2. Nc3 d5 3. Qe2 dxe4 4. Nxe4 Bf5 5. g4 Bxe4 6. Qxe4 Nf6 7. Qg2 g6 8. h4 h5 9. g5 Nd5 10. Qe4 Bg7 11. Nf3 Nd7 12. d4 e6 13. Bd2 0-0 14. 0-0-0 b5 15. Ne5 Nxe5 16. dxe5 Qb6 17. f4 a5 18. Be2 Rfe8 19. Rh3 Rad8 20. Rd3 Nb4 21. Bxb4 Rxd3 22. Rxd3 axb4 23. Qxb4 Bf8 24. Qe4 c5 25. c4 bxc4 26. Qxc4 Qa5 27. Rd2 Rb8 28. a3 Qa8 29. f5 Qh1+ 30. Kc2 gxf5 31. Bxh5 Qa1 32. Qc3 c4 33. Rd1 Qa2 34. Be2 Rb3 35. Bxc4 Rxb2+ 36. Qxb2 Qxc4+ 37. Kb1 Qxh4 38. g6 fxg6 39. Qg2 1-0

[Event "Omelnyk Grokhotov Memorial 10th"]
[Site "Omelnyk"]
[Date "2022.01.06"]
[Round "8"]
[White "Lyapka, Ruslan"]
[Black "Bets, Anatolij"]
[Result "1-0"]
[WhiteElo "2066"]
[BlackElo "2237"]
[PlyCount "27"]
[EventDate "2022.01.03"]
[EventType "tourn"]
[EventRounds "9"]
[EventCountry "UKR"]
[EventCategory "1"]
[SourceTitle "EXT 2023"]
[Source "ChessBase"]
[SourceDate "2022.10.05"]
[SourceVersion "1"]
[SourceVersionDate "2022.10.05"]
[SourceQuality "1"]

1. e4 c6 2. d4 d5 3. e5 Bf5 4. h4 h5 5. Bd3 Bxd3 6. Qxd3 e6 7. Ne2 Nh6 8. Ng3 g6 9. Nd2 Be7 10. Nf3 Nf5 11. Nxf5 exf5 12. Bg5 Qb6 13. Bxe7 Kxe7 14. Qa3+ 1-0

[Event "Lvov Tradition 02 Friedman Memorial"]
[Site "Lvov"]
[Date "2020.02.22"]
[Round "9"]
[White "Bets, Anatolij"]
[Black "Kowalski, Igor"]
[Result "1/2-1/2"]
[WhiteElo "2249"]
[BlackElo "2332"]
[PlyCount "63"]
[EventDate "2020.02.17"]
[EventType "tourn"]
[EventRounds "9"]
[EventCountry "UKR"]
[SourceTitle "CBM 195 Extra"]
[Source "ChessBase"]
[SourceDate "2020.05.31"]
[SourceVersion "1"]
[SourceVersionDate "2020.05.31"]
[SourceQuality "1"]

1. d4 d5 2. c4 c6 3. Nf3 e6 4. Qc2 Nf6 5. Bg5 h6 6. Bh4 dxc4 7. Qxc4 b5 8. Qc2 Bb7 9. e4 Nbd7 10. Be2 Be7 11. Nbd2 0-0 12. 0-0 c5 13. e5 Nd5 14. Bxe7 Qxe7 15. Bxb5 cxd4 16. Qe4 Rfd8 17. Rfc1 Qb4 18. Bd3 Nf8 19. Nc4 Ne3 20. Qf4 Nxc4 21. Rxc4 Qb6 22. Rac1 Rac8 23. Rxc8 Bxc8 24. b3 Ba6 25. Rd1 Bxd3 26. Rxd3 Ng6 27. Qe4 Qa5 28. Rxd4 Rxd4 29. Nxd4 Qxa2 30. g3 Ne7 31. Qa8+ Kh7 32. Qe4+ 1/2-1/2

[Event "Lvov Tradition 02 Friedman Memorial"]
[Site "Lvov"]
[Date "2020.02.19"]
[Round "5"]
[White "Bets, Anatolij"]
[Black "Sidorika, Vladislav"]
[Result "1/2-1/2"]
[WhiteElo "2249"]
[BlackElo "2318"]
[PlyCount "60"]
[EventDate "2020.02.17"]
[EventType "tourn"]
[EventRounds "9"]
[EventCountry "UKR"]
[SourceTitle "CBM 195 Extra"]
[Source "ChessBase"]
[SourceDate "2020.05.31"]
[SourceVersion "1"]
[SourceVersionDate "2020.05.31"]
[SourceQuality "1"]

1. d4 Nf6 2. Nf3 c5 3. e3 cxd4 4. exd4 d5 5. c3 Nc6 6. h3 Bf5 7. Bd3 Bxd3 8. Qxd3 e6 9. Bf4 Bd6 10. Bxd6 Qxd6 11. Nbd2 0-0 12. 0-0 Rae8 13. Rfe1 Nd7 14. Rad1 f6 15. c4 dxc4 16. Nxc4 Qd5 17. b3 Nb6 18. Re2 Rd8 19. Red2 Rd7 20. Qe2 Rfd8 21. Re1 Re7 22. Red1 Red7 23. Re1 Re7 24. Red1 Red7 25. Re1 Re7 26. Red1 Red7 27. Re1 Re7 28. Red1 Red7 29. Re1 Re7 30. Red1 Red7 1/2-1/2

[Event "Lvov Tradition 02 Friedman Memorial"]
[Site "Lvov"]
[Date "2020.02.18"]
[Round "3"]
[White "Bets, Anatolij"]
[Black "Kryvoruchko, Vita"]
[Result "1/2-1/2"]
[WhiteElo "2249"]
[BlackElo "2146"]
[PlyCount "61"]
[EventDate "2020.02.17"]
[EventType "tourn"]
[EventRounds "9"]
[EventCountry "UKR"]
[SourceTitle "CBM 195 Extra"]
[Source "ChessBase"]
[SourceDate "2020.05.31"]
[SourceVersion "1"]
[SourceVersionDate "2020.05.31"]
[SourceQuality "1"]

1. d4 Nf6 2. c4 e6 3. Nf3 d5 4. Nc3 Bb4 5. cxd5 exd5 6. Bg5 0-0 7. e3 h6 8. Bxf6 Qxf6 9. a3 Bxc3+ 10. bxc3 c6 11. Be2 Bf5 12. Ne5 Nd7 13. Nxd7 Bxd7 14. 0-0 Bf5 15. c4 Rad8 16. cxd5 cxd5 17. Bd3 b6 18. Rc1 Rc8 19. Qd2 Bxd3 20. Qxd3 Qe6 21. h3 Rxc1 22. Rxc1 Rc8 23. Rc3 Rc6 24. Qc2 Rxc3 25. Qxc3 Qd7 26. a4 Qxa4 27. Qc8+ Kh7 28. Qf5+ Kg8 29. Qc8+ Kh7 30. Qf5+ Kg8 31. Qc8+ 1/2-1/2

[Event "Dnipro Head Cup"]
[Site "Dnipropetrovsk"]
[Date "2019.12.18"]
[Round "4"]
[White "Babiy, Igor"]
[Black "Bets, Anatolij"]
[Result "1/2-1/2"]
[WhiteElo "2254"]
[BlackElo "2244"]
[PlyCount "50"]
[EventDate "2019.12.16"]
[EventType "tourn"]
[EventRounds "9"]
[EventCountry "UKR"]
[EventCategory "7"]
[SourceTitle "CBM 193 Extra"]
[Source "ChessBase"]
[SourceDate "2020.01.31"]
[SourceVersion "1"]
[SourceVersionDate "2020.01.31"]
[SourceQuality "1"]

1. Nf3 Nf6 2. c4 e6 3. g3 d5 4. Bg2 Be7 5. 0-0 0-0 6. d4 dxc4 7. Qc2 a6 8. a4 Bd7 9. Rd1 Bc6 10. Nc3 Bxf3 11. Bxf3 Nc6 12. Bxc6 bxc6 13. a5 Rb8 14. Ra4 Rb4 15. Na2 Rxa4 16. Qxa4 Qd5 17. Nc3 Qh5 18. Qxc6 Ng4 19. h4 Qxa5 20. Qxc4 Nf6 21. Bg5 h6 22. Bxf6 Bxf6 23. b4 Qb6 24. Ne4 Be7 25. Ra1 Qxb4 1/2-1/2

[Event "Dnipro Head Cup"]
[Site "Dnipropetrovsk"]
[Date "2019.12.16"]
[Round "1"]
[White "Bets, Anatolij"]
[Black "Pavlov, Sergey1111"]
[Result "1/2-1/2"]
[WhiteElo "2244"]
[BlackElo "2492"]
[PlyCount "36"]
[EventDate "2019.12.16"]
[EventType "tourn"]
[EventRounds "9"]
[EventCountry "UKR"]
[EventCategory "7"]
[SourceTitle "CBM 193 Extra"]
[Source "ChessBase"]
[SourceDate "2020.01.31"]
[SourceVersion "1"]
[SourceVersionDate "2020.01.31"]
[SourceQuality "1"]

1. d4 Nf6 2. c4 e6 3. Nf3 d5 4. Nc3 dxc4 5. Qa4+ c6 6. Qxc4 b5 7. Qb3 Nbd7 8. g3 b4 9. Na4 c5 10. Bg2 Bb7 11. Nxc5 Nxc5 12. dxc5 Bxc5 13. Be3 Bd5 14. Qa4+ Qd7 15. Qxd7+ Nxd7 16. Bxc5 Nxc5 17. 0-0 Ke7 18. Ne5 Bxg2 1/2-1/2

[Event "Lvov Tradition IM 11"]
[Site "Lvov"]
[Date "2019.11.21"]
[Round "2"]
[White "Polulikh, Bogdan"]
[Black "Bets, Anatolij"]
[Result "1-0"]
[WhiteElo "2286"]
[BlackElo "2258"]
[PlyCount "77"]
[EventDate "2019.11.20"]
[EventType "tourn"]
[EventRounds "9"]
[EventCountry "UKR"]
[EventCategory "1"]
[SourceTitle "CBM 193 Extra"]
[Source "ChessBase"]
[SourceDate "2020.01.31"]
[SourceVersion "1"]
[SourceVersionDate "2020.01.31"]
[SourceQuality "1"]

1. d4 Nf6 2. Nf3 e6 3. Bg5 d5 4. c4 h6 5. Bf4 c6 6. Nbd2 Bd6 7. Bxd6 Qxd6 8. e3 Nbd7 9. cxd5 exd5 10. Bd3 0-0 11. 0-0 Re8 12. Qc2 b6 13. Rac1 Bb7 14. Rfd1 Qe7 15. Bf5 g6 16. Bh3 h5 17. Re1 c5 18. dxc5 bxc5 19. Qb3 Rab8 20. Qa3 a6 21. Red1 Ng4 22. Ne1 Qh4 23. Bxg4 Qxg4 24. h3 Qf5 25. Qd3 Qf6 26. b3 Ne5 27. Qf1 Rec8 28. Nd3 Nxd3 29. Qxd3 Qg5 30. Nf3 Qf6 31. Qc3 Qb6 32. Rc2 d4 33. exd4 Bxf3 34. Qxf3 cxd4 35. Rcd2 Rd8 36. Qf4 Qa5 37. Rxd4 Rxd4 38. Qxd4 Qxa2 39. Qc4 1-0

[Event "Lvov Tradition IM 11"]
[Site "Lvov"]
[Date "2019.11.20"]
[Round "1"]
[White "Bets, Anatolij"]
[Black "Shkuran, Danylo"]
[Result "1/2-1/2"]
[WhiteElo "2258"]
[BlackElo "2345"]
[PlyCount "60"]
[EventDate "2019.11.20"]
[EventType "tourn"]
[EventRounds "9"]
[EventCountry "UKR"]
[EventCategory "1"]
[SourceTitle "CBM 193 Extra"]
[Source "ChessBase"]
[SourceDate "2020.01.31"]
[SourceVersion "1"]
[SourceVersionDate "2020.01.31"]
[SourceQuality "1"]

1. d4 d5 2. c4 c6 3. cxd5 cxd5 4. Nc3 Nf6 5. Bf4 Nc6 6. e3 a6 7. Nf3 Bg4 8. Be2 e6 9. 0-0 Bd6 10. Bxd6 Qxd6 11. h3 Bxf3 12. Bxf3 0-0 13. Rc1 Rfc8 14. Na4 Nd7 15. Nc5 Nxc5 16. Rxc5 Ne7 17. Qb3 b6 18. Rcc1 Rc7 19. Be2 a5 20. Rc3 Rac8 21. Rfc1 g6 22. Ba6 Rxc3 23. Rxc3 Rxc3 24. Qxc3 Qc6 25. Qxc6 Nxc6 26. Bb5 Nd8 27. Ba6 Kf8 28. Kf1 Ke7 29. Ke2 Kd6 30. Kd2 Nc6 1/2-1/2

[Event "Lvov Tradition IM 01"]
[Site "Lvov"]
[Date "2018.01.27"]
[Round "9"]
[White "Kryvoruchko, Vita"]
[Black "Bets, Anatolij"]
[Result "0-1"]
[WhiteElo "2192"]
[BlackElo "2266"]
[PlyCount "68"]
[EventDate "2018.01.22"]
[EventType "tourn"]
[EventRounds "9"]
[EventCountry "UKR"]
[SourceTitle "CBM 182 Extra"]
[Source "ChessBase"]
[SourceDate "2018.02.23"]
[SourceVersion "1"]
[SourceVersionDate "2018.02.23"]
[SourceQuality "1"]

1. d4 Nf6 2. c4 e6 3. Nc3 d5 4. cxd5 Nxd5 5. e4 Nxc3 6. bxc3 c5 7. Nf3 cxd4 8. cxd4 Nc6 9. Bc4 b5 10. Bb3 Bb4+ 11. Bd2 Bxd2+ 12. Qxd2 0-0 13. 0-0 Na5 14. Bc2 Bb7 15. Rad1 Nc4 16. Qf4 Rc8 17. d5 e5 18. Qg4 Nd6 19. Bd3 f6 20. Nh4 Rc7 21. f4 Bc8 22. Qg3 exf4 23. Rxf4 Re7 24. Rdf1 Kh8 25. Kh1 Rfe8 26. e5 Rxe5 27. Ng6+ hxg6 28. Bxg6 Kg8 29. Bxe8 Qxe8 30. Rxf6 Nf5 31. Qg5 Qe7 32. Rg6 Re1 33. Qf4 Qe4 34. Rg4 Rxf1+ 0-1

[Event "Lvov Tradition IM 01"]
[Site "Lvov"]
[Date "2018.01.25"]
[Round "7"]
[White "Medvedyk, Volodymyr"]
[Black "Bets, Anatolij"]
[Result "1/2-1/2"]
[WhiteElo "2116"]
[BlackElo "2266"]
[PlyCount "66"]
[EventDate "2018.01.22"]
[EventType "tourn"]
[EventRounds "9"]
[EventCountry "UKR"]
[SourceTitle "CBM 182 Extra"]
[Source "ChessBase"]
[SourceDate "2018.02.23"]
[SourceVersion "1"]
[SourceVersionDate "2018.02.23"]
[SourceQuality "1"]

1. d4 Nf6 2. c4 e6 3. g3 d5 4. Nf3 dxc4 5. Bg2 c5 6. 0-0 Nc6 7. dxc5 Bxc5 8. Qxd8+ Kxd8 9. Nbd2 Bd7 10. Nxc4 Rc8 11. Nfe5 Ke7 12. Nd3 Nd4 13. Bxb7 Nxe2+ 14. Kg2 Nxc1 15. Raxc1 Rc7 16. Nce5 Bd6 17. Rxc7 Bxc7 18. Nxd7 Nxd7 19. Nb4 Nb8 20. Rc1 Bd6 21. a3 Rd8 22. Nc6+ Nxc6 23. Bxc6 Rc8 24. Rc4 g5 25. h3 h6 26. a4 a5 27. Bb5 Rxc4 28. Bxc4 f5 29. g4 Kf6 30. Kf3 Be5 31. b3 Bc3 32. Bd3 Ke5 33. Bc4 Bb4 1/2-1/2

[Event "Voronezh op-A 13th"]
[Site "Voronezh"]
[Date "2009.06.17"]
[Round "6"]
[White "Aketayeva, Dana"]
[Black "Bets, Anatolij"]
[Result "0-1"]
[WhiteElo "2254"]
[BlackElo "2309"]
[PlyCount "58"]
[EventDate "2009.06.12"]
[EventType "swiss"]
[EventRounds "9"]
[EventCountry "RUS"]
[SourceTitle "CBM 130 Extra"]
[Source "ChessBase"]
[SourceDate "2009.07.02"]
[SourceVersion "2"]
[SourceVersionDate "2009.07.15"]
[SourceQuality "1"]

1. e4 c6 2. d4 d5 3. Nd2 dxe4 4. Nxe4 Bf5 5. Ng3 Bg6 6. h4 h6 7. Nf3 Nd7 8. h5 Bh7 9. Bd3 Bxd3 10. Qxd3 e6 11. Bf4 Ngf6 12. 0-0-0 Be7 13. c4 0-0 14. Kb1 Qa5 15. Ne5 Rad8 16. Qe2 Rfe8 17. Ne4 c5 18. Nxd7 Rxd7 19. Nxc5 Bxc5 20. dxc5 Rxd1+ 21. Rxd1 Qxc5 22. g4 Rc8 23. b3 a6 24. Rg1 b5 25. cxb5 Nd5 26. Be5 axb5 27. Bb2 Rc6 28. Rf1 b4 29. Rc1 Qxc1+ 0-1

[Event "Voronezh op-A 13th"]
[Site "Voronezh"]
[Date "2009.06.15"]
[Round "4"]
[White "Stets, Dmitry"]
[Black "Bets, Anatolij"]
[Result "1-0"]
[WhiteElo "2422"]
[BlackElo "2309"]
[PlyCount "39"]
[EventDate "2009.06.12"]
[EventType "swiss"]
[EventRounds "9"]
[EventCountry "RUS"]
[SourceTitle "CBM 130 Extra"]
[Source "ChessBase"]
[SourceDate "2009.07.02"]
[SourceVersion "2"]
[SourceVersionDate "2009.07.15"]
[SourceQuality "1"]

1. e4 c6 2. d4 d5 3. exd5 cxd5 4. c4 Nf6 5. Nc3 Nc6 6. Nf3 Bg4 7. cxd5 Nxd5 8. Qb3 Bxf3 9. gxf3 Nb6 10. d5 Nd4 11. Bb5+ Nd7 12. Qa4 e5 13. dxe6 Nxe6 14. Bg5 Nec5 15. Bxd8 Nxa4 16. Bxa4 Rxd8 17. 0-0-0 Be7 18. Rxd7 Rxd7 19. Rd1 Bg5+ 20. Kc2 1-0

[Event "Donbass Cup"]
[Site "Donetsk"]
[Date "2009.04.13"]
[Round "9"]
[White "Otchiyev, Arslan"]
[Black "Bets, Anatolij"]
[Result "1-0"]
[WhiteElo "2230"]
[BlackElo "2309"]
[PlyCount "105"]
[EventDate "2009.04.07"]
[EventType "tourn"]
[EventRounds "11"]
[EventCountry "UKR"]
[EventCategory "2"]
[SourceTitle "CBM 129 Extra"]
[Source "ChessBase"]
[SourceDate "2009.05.05"]
[SourceVersion "2"]
[SourceVersionDate "2009.05.20"]
[SourceQuality "1"]

1. e4 c6 2. d4 d5 3. Nd2 dxe4 4. Nxe4 Bf5 5. Ng3 Bg6 6. h4 h6 7. Nf3 Nd7 8. h5 Bh7 9. Bd3 Bxd3 10. Qxd3 e6 11. Bf4 Bb4+ 12. c3 Be7 13. Ne4 Ndf6 14. Ne5 Nxe4 15. Qxe4 Nf6 16. Qe2 Qd5 17. f3 0-0 18. g4 c5 19. g5 hxg5 20. Bxg5 cxd4 21. Rd1 Bd6 22. Bf4 Bxe5 23. Bxe5 Nd7 24. Bxg7 Kxg7 25. Rxd4 Qf5 26. Rxd7 Rad8 27. Rxd8 Rxd8 28. Qe4 Rd5 29. Qxf5 Rxf5 30. h6+ Kh7 31. Ke2 Rf6 32. Ke3 Rxh6 33. Rxh6+ Kxh6 34. Ke4 f6 35. c4 Kg6 36. c5 Kf7 37. b4 a6 38. a4 Ke7 39. b5 axb5 40. axb5 Kd7 41. Kf4 Ke7 42. Kg4 Kd7 43. Kh5 e5 44. Kg6 Ke6 45. c6 bxc6 46. bxc6 f5 47. c7 Kd7 48. Kxf5 Kxc7 49. Kxe5 Kd7 50. Kf6 Ke8 51. f4 Kf8 52. f5 Kg8 53. Ke7 1-0

[Event "Donbass Cup"]
[Site "Donetsk"]
[Date "2009.04.07"]
[Round "1"]
[White "Ostrovskiy, Andrey"]
[Black "Bets, Anatolij"]
[Result "1/2-1/2"]
[WhiteElo "2420"]
[BlackElo "2309"]
[PlyCount "83"]
[EventDate "2009.04.07"]
[EventType "tourn"]
[EventRounds "11"]
[EventCountry "UKR"]
[EventCategory "2"]
[SourceTitle "CBM 129 Extra"]
[Source "ChessBase"]
[SourceDate "2009.05.05"]
[SourceVersion "2"]
[SourceVersionDate "2009.05.20"]
[SourceQuality "1"]

1. Nf3 Nf6 2. c4 e6 3. g3 d5 4. Bg2 Be7 5. 0-0 0-0 6. b3 d4 7. e3 c5 8. exd4 cxd4 9. Ba3 Nc6 10. Re1 Ne8 11. Bxe7 Qxe7 12. a3 a5 13. d3 f6 14. Nbd2 e5 15. Qc2 Nc7 16. Ne4 Na6 17. c5 Be6 18. Nfd2 Rfd8 19. Rac1 Kh8 20. f4 Bd5 21. Nf3 Bxe4 22. Rxe4 Rd5 23. fxe5 Rxc5 24. Qd2 Rxc1+ 25. Qxc1 fxe5 26. Qc4 Qxa3 27. Nxe5 Nxe5 28. Rxe5 Rf8 29. h4 Qa1+ 30. Kh2 h6 31. Rf5 Rd8 32. Bxb7 Nb4 33. Be4 Qc3 34. Kh3 Nc2 35. Qxc3 dxc3 36. Rc5 Nd4 37. Rxc3 Rb8 38. Bd5 g6 39. Rc7 Rb6 40. Rc3 Kg7 41. Kg2 Kf6 42. Rc5 1/2-1/2

[Event "Peterhof"]
[Site "Peterhof"]
[Date "2008.08.16"]
[Round "7"]
[White "Urjubdshzirov, Erdni"]
[Black "Bets, Anatolij"]
[Result "0-1"]
[WhiteElo "2263"]
[BlackElo "2330"]
[PlyCount "118"]
[EventDate "2008.08.12"]
[EventType "tourn"]
[EventRounds "11"]
[EventCountry "RUS"]
[EventCategory "2"]
[SourceTitle "CBM 125 Extra"]
[Source "ChessBase"]
[SourceDate "2008.09.01"]
[SourceVersion "1"]
[SourceVersionDate "2008.09.01"]
[SourceQuality "1"]

1. Nf3 Nf6 2. g3 d5 3. Bg2 e6 4. 0-0 c5 5. d3 Nc6 6. Nbd2 b6 7. e4 Bb7 8. Re1 Be7 9. c3 0-0 10. e5 Nd7 11. d4 Qc7 12. a3 cxd4 13. cxd4 Na5 14. Bf1 Rfc8 15. Bd3 Nf8 16. Nf1 Qd7 17. h4 Bc6 18. Qe2 Nb3 19. Rb1 a5 20. Be3 a4 21. N3d2 Na5 22. Nh2 b5 23. h5 Nc4 24. Bf4 Qd8 25. Qg4 Kh8 26. Be3 Nxe3 27. Rxe3 b4 28. axb4 Bxb4 29. Ndf1 Be7 30. f4 Rab8 31. Qe2 Qb6 32. Nf3 Bb5 33. N1d2 Bxd3 34. Qxd3 Qb5 35. Ra1 Qc6 36. b3 a3 37. f5 Qc2 38. f6 gxf6 39. exf6 Bxf6 40. Ne5 Qxd3 41. Rxd3 Bxe5 42. dxe5 Nd7 43. Nf3 Nc5 44. Rc3 Ne4 45. Rxc8+ Rxc8 46. Rxa3 Nxg3 47. Ra7 Nxh5 48. Rxf7 Rc3 49. Kf2 Kg8 50. Rb7 Nf4 51. Kg3 Nd3 52. Kg4 Nf2+ 53. Kg3 Ne4+ 54. Kf4 Nc5 55. Rb8+ Kg7 56. Nd4 Rd3 57. Rb4 Kg6 58. Kg4 h5+ 59. Kf4 Rh3 0-1

[Event "Peterhof"]
[Site "Peterhof"]
[Date "2008.08.14"]
[Round "4"]
[White "Bets, Anatolij"]
[Black "Kazakov, Konstantin"]
[Result "1/2-1/2"]
[WhiteElo "2330"]
[BlackElo "2154"]
[PlyCount "30"]
[EventDate "2008.08.12"]
[EventType "tourn"]
[EventRounds "11"]
[EventCountry "RUS"]
[EventCategory "2"]
[SourceTitle "CBM 125 Extra"]
[Source "ChessBase"]
[SourceDate "2008.09.01"]
[SourceVersion "1"]
[SourceVersionDate "2008.09.01"]
[SourceQuality "1"]

1. d4 d5 2. c4 e6 3. Nc3 Nf6 4. Nf3 Nbd7 5. Bf4 Bb4 6. Qb3 c5 7. e3 0-0 8. Be2 Bxc3+ 9. bxc3 cxd4 10. exd4 dxc4 11. Bxc4 Nb6 12. Bd3 Nbd5 13. Bd2 Qc7 14. Ne5 Nd7 15. f4 b6 1/2-1/2

[Event "Peterhof"]
[Site "Peterhof"]
[Date "2008.08.12"]
[Round "1"]
[White "Skurygin, Anton"]
[Black "Bets, Anatolij"]
[Result "1/2-1/2"]
[WhiteElo "2252"]
[BlackElo "2330"]
[PlyCount "27"]
[EventDate "2008.08.12"]
[EventType "tourn"]
[EventRounds "11"]
[EventCountry "RUS"]
[EventCategory "2"]
[SourceTitle "CBM 125 Extra"]
[Source "ChessBase"]
[SourceDate "2008.09.01"]
[SourceVersion "1"]
[SourceVersionDate "2008.09.01"]
[SourceQuality "1"]

1. d4 Nf6 2. Nf3 e6 3. Nbd2 c5 4. e3 b6 5. b3 Bb7 6. Bb2 Nc6 7. a3 cxd4 8. exd4 Be7 9. Bd3 0-0 10. 0-0 Rc8 11. Re1 d5 12. Qe2 Rc7 13. Rad1 Qa8 14. h3 1/2-1/2

[Event "Obninsk"]
[Site "Obninsk"]
[Date "2007.12.15"]
[Round "3"]
[White "Bets, Anatolij"]
[Black "Gasanov, Eldar"]
[Result "1/2-1/2"]
[WhiteElo "2346"]
[BlackElo "2503"]
[PlyCount "92"]
[EventDate "2007.12.14"]
[EventType "tourn"]
[EventRounds "10"]
[EventCountry "RUS"]
[EventCategory "8"]
[SourceTitle "CBM 122 Extra"]
[Source "ChessBase"]
[SourceDate "2008.03.04"]
[SourceVersion "1"]
[SourceVersionDate "2008.03.04"]
[SourceQuality "1"]

1. d4 Nf6 2. c4 e6 3. Nf3 d5 4. Nc3 c6 5. e3 a6 6. b3 c5 7. cxd5 cxd4 8. Nxd4 Bb4 9. Bd2 exd5 10. Be2 Nc6 11. Nxc6 bxc6 12. 0-0 Bf5 13. Ne4 Ba3 14. Ng3 Bg6 15. Bc3 a5 16. Bd3 0-0 17. Nf5 Re8 18. Qf3 Ne4 19. Bxe4 dxe4 20. Qf4 Qd3 21. Bd4 Bxf5 22. Qxf5 Re6 23. f4 c5 24. Qd5 Ree8 25. Rad1 Rad8 26. Qg5 cxd4 27. Rxd3 exd3 28. e4 Bb4 29. Rd1 d2 30. a3 f6 31. Qf5 Bc3 32. Kf2 Rd6 33. Qc5 Rde6 34. Kf3 g6 35. g4 Kh8 36. Qd5 Rb6 37. Ke2 Reb8 38. Rb1 Re8 39. h4 Rbe6 40. Kd3 R6e7 41. Rd1 Kg7 42. h5 Rxe4 43. Qxe4 Rxe4 44. Kxe4 f5+ 45. gxf5 gxh5 46. Rh1 Kf6 1/2-1/2

[Event "Obninsk"]
[Site "Obninsk"]
[Date "2007.12.14"]
[Round "1"]
[White "Bets, Anatolij"]
[Black "Benza, Artem"]
[Result "1/2-1/2"]
[WhiteElo "2346"]
[BlackElo "2344"]
[PlyCount "35"]
[EventDate "2007.12.14"]
[EventType "tourn"]
[EventRounds "10"]
[EventCountry "RUS"]
[EventCategory "8"]
[SourceTitle "CBM 122 Extra"]
[Source "ChessBase"]
[SourceDate "2008.03.04"]
[SourceVersion "1"]
[SourceVersionDate "2008.03.04"]
[SourceQuality "1"]

1. d4 d5 2. c4 c6 3. Nf3 Nf6 4. Nc3 e6 5. Bg5 Be7 6. e3 h6 7. Bh4 Nbd7 8. Rc1 Qa5 9. Bd3 0-0 10. 0-0 Re8 11. a3 a6 12. Re1 b5 13. cxd5 cxd5 14. e4 dxe4 15. Nxe4 Bb7 16. Nxf6+ Bxf6 17. Bg3 Rac8 18. Ne5 1/2-1/2

[Event "Salekhard"]
[Site "Salekhard"]
[Date "2007.12.13"]
[Round "9"]
[White "Bets, Anatolij"]
[Black "Potapov, Alexander1111"]
[Result "1/2-1/2"]
[WhiteElo "2346"]
[BlackElo "2459"]
[PlyCount "90"]
[EventDate "2007.12.05"]
[EventType "tourn"]
[EventRounds "9"]
[EventCountry "RUS"]
[EventCategory "7"]
[SourceTitle "CBM 122 Extra"]
[Source "ChessBase"]
[SourceDate "2008.03.04"]
[SourceVersion "1"]
[SourceVersionDate "2008.03.04"]
[SourceQuality "1"]

1. d4 Nf6 2. c4 d6 3. Nc3 Bf5 4. e4 Bxe4 5. Nxe4 Nxe4 6. Qf3 d5 7. Qb3 e6 8. Qxb7 Nd7 9. c5 Rb8 10. Qc6 Nxf2 11. Nf3 Nxh1 12. Bb5 Be7 13. Be3 0-0 14. 0-0-0 a6 15. Ba4 Nf6 16. Rxh1 Ng4 17. Bg1 Bg5+ 18. Kb1 Qf6 19. Qxc7 Bf4 20. Qa5 Ne3 21. Bxe3 Qg6+ 22. Bc2 Qxg2 23. Ne1 Qg5 24. Bxf4 Qxf4 25. Qc3 g6 26. Nf3 Kg7 27. Rf1 Rb7 28. Qd3 Rfb8 29. b3 a5 30. Ne5 Qxh2 31. Qf3 f5 32. Nd3 a4 33. Rh1 Qd2 34. Qg3 axb3 35. Qe5+ Kg8 36. Qxe6+ Kg7 37. Qe5+ Kg8 38. Qxd5+ Kg7 39. axb3 Rxb3+ 40. Bxb3 Qxd3+ 41. Ka2 Qd2+ 42. Ka3 Qb4+ 43. Ka2 Qd2+ 44. Kb1 Qd3+ 45. Ka2 Qd2+ 1/2-1/2

[Event "Salekhard"]
[Site "Salekhard"]
[Date "2007.12.05"]
[Round "1"]
[White "Scerbin, Dmitrij"]
[Black "Bets, Anatolij"]
[Result "1/2-1/2"]
[WhiteElo "2360"]
[BlackElo "2346"]
[PlyCount "62"]
[EventDate "2007.12.05"]
[EventType "tourn"]
[EventRounds "9"]
[EventCountry "RUS"]
[EventCategory "7"]
[SourceTitle "CBM 122 Extra"]
[Source "ChessBase"]
[SourceDate "2008.03.04"]
[SourceVersion "1"]
[SourceVersionDate "2008.03.04"]
[SourceQuality "1"]

1. e4 c6 2. c4 d5 3. cxd5 cxd5 4. exd5 Nf6 5. Bb5+ Nbd7 6. Nc3 a6 7. Qa4 Rb8 8. Be2 b5 9. Qf4 b4 10. Ne4 Nxe4 11. Qxe4 Nf6 12. Qf4 Rb6 13. Nf3 Nxd5 14. Qh4 Qc7 15. d4 Re6 16. Ne5 f6 17. Qh5+ g6 18. Nxg6 Rxe2+ 19. Kxe2 Qc4+ 20. Ke1 hxg6 21. Qxh8 a5 22. Qg8 Ba6 23. Qxg6+ Kd8 24. Qe4 f5 25. Qf3 e6 26. Bg5+ Kd7 27. Qd1 b3 28. a3 f4 29. Rc1 Qa4 30. h4 Qb5 31. g3 Bxa3 1/2-1/2